000
00393nam a2200133Ia 4500
008
151001s9999||||xx |||||||||||||| ||und||
100
_a
सुर्यकांत सावंत
245
_a
व्यथा जाळीते मना
250
_a
1
260
_b
त्रिदल प्रकाशन मुंबई
260
_c
1990
300
_a
77
365
_b
18
999
_c
981959
_d
981956